LEADER 00929nam0-2200313 --450 001 9910273758703321 005 20180621124822.0 010 $a978-88-6728-291-3 020 $aIT$b2015-2925 100 $a20180621d2014----kmuy0itay5050 ba 101 0 $aita 102 $aIT 105 $a 001yy 200 1 $aCinema e storia$einterferenze/confluenze$fTiziana Maria Di Blasio$gprefazione di Jacques Le Goff 210 $aRoma$cViella$d2014 215 $a315 p.$d23 cm 225 1 $a<>storia. Temi$v42 610 0 $aFilm storici 610 0 $aCinema$aRapporti [con la] Storia 676 $a791.43658$v23$zita 700 1$aDi Blasio,$bTiziana Maria$0750378 702 1$aLe Goff,$bJacques$f<1924-2014> 801 0$aIT$bUNINA$gREICAT$2UNIMARC 901 $aBK 912 $a9910273758703321 952 $aCOLLEZ. 2223 (42)$b993/2018$fFSPBC 959 $aFSPBC 996 $aCinema e storia$91509774 997 $aUNINA LEADER 01624nam 2200313Ia 450 001 996384394103316 005 20221108031740.0 035 $a(CKB)4940000000072877 035 $a(EEBO)2248502576 035 $a(OCoLC)11169072 035 $a(EXLCZ)994940000000072877 100 $a19840918d1681 uy | 101 0 $aeng 135 $aurbn||||a|bb| 200 12$aA compleat and compendious church-history$b[electronic resource] $eshewing how it hath been from the beginning of the world to this present day : being an historical narrative how the power and providence of God, according to his promise hath hitherto confounded all the damnable plots of the Devil : to which is annexed a Scripture-prophecy fore-shewing how it shall be hence to the end of the world : to whole containing the quintessence of sacred, civil and ecclesiastick writers and serving as a short comment upon all the books in the Bible, both historical and prophetical : with a poem against popery, November 17 /$fpublished for publick good by Christopher Ness 205 $aThe second edition. 210 $aLondon $cPrinted for the author and are to be sold by the booksellers of London and Westminster$d1681 215 $a[14], 506 p 300 $aReproduction of original in the Harvard University Library. 330 $aeebo-0062 606 $aChurch history$vEarly works to 1800 615 0$aChurch history 700 $aNess$b Christopher$f1621-1705.$01002120 801 1$bUMI 801 2$bWaOLN 906 $aBOOK 912 $a996384394103316 996 $aA compleat and compendious church-history$92384543 997 $aUNISA